Songs on Reputation - Statistics

General Stats
  • This quiz has been taken 9 times
  • The average score is 10 of 15
Answer Stats
Answer % Correct
Look What You Made Me Do
100%
Gorgeous
88%
King Of My Heart
88%
Delicate
75%
Dress
75%
End Game (feat. Ed Sheeran and Future)
75%
New Year's Day
75%
Call It What You Want
63%
Don't Blame Me
63%
...Ready For It?
63%
So It Goes...
63%
This Is Why We Can't Have Nice Things
63%
Dancing With Our Hands Tied
50%
Getaway Car
50%
I Did Something Bad
50%
No matching quizzes found
Score Distribution
Percent of People with Each Score
Percentile by Number Answered
Your Score History
You have not taken this quiz